[Event "ESP-ch U12 rapid"]
[Site "Salobrena"]
[Date "2024.07.14"]
[Round "5"]
[White "Gomez Dominguez, Brian"]
[Black "Martinez Mateos, Saul"]
[Result "0-1"]
[WhiteElo "1648"]
[BlackElo "1574"]
[PlyCount "82"]
[EventDate "2024.07.13"]
[EventType "swiss (rapid)"]
[EventRounds "9"]
[EventCountry "ESP"]
[SourceTitle "EXT 2025"]
[Source "ChessBase"]
[SourceDate "2024.10.14"]
[SourceVersion "1"]
[SourceVersionDate "2024.10.14"]
[SourceQuality "1"]

1. e4 e5 2. Nf3 Nc6 3. d4 exd4 4. Bc4 Nf6 5. e5 d5 6. Bb5 Nd7 7. 0-0 Be7 8. Re1 0-0 9. Bf4 Re8 10. Nbd2 a6 11. Ba4 b5 12. Bb3 Nb6 13. Nf1 Bb4 14. Re2 Bg4 15. Qd3 Nc4 16. Rb1 Qd7 17. a3 Ba5 18. c3 Bf5 19. Qd1 Bxb1 20. Qxb1 dxc3 21. Bxc4 dxc4 22. bxc3 Bxc3 23. Qc2 Qd3 24. Ne3 Rad8 25. h3 Nd4 26. Nxd4 Bxd4 27. Qxd3 cxd3 28. Rd2 Bxe5 29. Bxe5 Rxe5 30. Kf1 c5 31. Ke1 c4 32. Kd1 Rc5 33. Ra2 c3 34. Kc1 c2 35. Ra1 d2+ 36. Kb2 c1Q+ 37. Rxc1 dxc1Q+ 38. Kb3 Qc3+ 39. Ka2 Rd2+ 40. Nc2 Rxc2+ 41. Kb1 Qb2# 0-1

[Event "ESP-ch U12 rapid"]
[Site "Salobrena"]
[Date "2024.07.13"]
[Round "3"]
[White "Gomez Dominguez, Brian"]
[Black "Valentin Lopez, Miguel"]
[Result "1-0"]
[WhiteElo "1648"]
[BlackElo "1535"]
[PlyCount "61"]
[EventDate "2024.07.13"]
[EventType "swiss (rapid)"]
[EventRounds "9"]
[EventCountry "ESP"]
[SourceTitle "EXT 2025"]
[Source "ChessBase"]
[SourceDate "2024.10.14"]
[SourceVersion "1"]
[SourceVersionDate "2024.10.14"]
[SourceQuality "1"]

1. e4 e5 2. Nf3 Nc6 3. d4 exd4 4. Bc4 Bc5 5. c3 dxc3 6. Nxc3 d6 7. 0-0 Nf6 8. Re1 0-0 9. Bg5 h6 10. Bh4 Bg4 11. h3 Bh5 12. Nd5 Nd4 13. Nxf6+ gxf6 14. g4 Nxf3+ 15. Qxf3 Bg6 16. Bxf6 Qd7 17. Qf4 Kh7 18. h4 Rg8 19. Kh2 d5 20. exd5 Bd6 21. Be5 Bxe5 22. Rxe5 Rae8 23. Rxe8 Rxe8 24. f3 Qa4 25. h5 Qc2+ 26. Kg3 Bxh5 27. gxh5 Rg8+ 28. Kh4 Qf2+ 29. Kh3 Qxb2 30. Bd3+ Kh8 31. Qxh6# 1-0

[Event "ESP-ch U12"]
[Site "Salobrena"]
[Date "2024.07.11"]
[Round "6"]
[White "Bru Montoya, Pau"]
[Black "Gomez Dominguez, Brian"]
[Result "1-0"]
[WhiteElo "1971"]
[BlackElo "1645"]
[PlyCount "51"]
[EventDate "2024.07.08"]
[EventType "swiss"]
[EventRounds "9"]
[EventCountry "ESP"]
[SourceTitle "EXT 2025"]
[Source "ChessBase"]
[SourceDate "2024.10.14"]
[SourceVersion "1"]
[SourceVersionDate "2024.10.14"]
[SourceQuality "1"]

1. e4 e5 2. Nf3 Nf6 3. d4 Nxe4 4. Bd3 d5 5. Nxe5 Bd6 6. 0-0 0-0 7. Nc3 Nxc3 8. bxc3 Re8 9. Re1 Nd7 10. Bf4 Nxe5 11. dxe5 Bf8 12. Qf3 Be6 13. Rad1 Qe7 14. Qg3 g6 15. Bg5 Qa3 16. Rf1 Be7 17. Bxe7 Qxe7 18. f4 Kh8 19. f5 gxf5 20. Bxf5 Rg8 21. Qh3 Bxf5 22. Rxf5 Rg5 23. Rxd5 Qe6 24. Rxg5 Qxd5 25. Qf3 Rd8 26. Qf6# 1-0

[Event "ESP-ch U12 rapid"]
[Site "Salobrena"]
[Date "2023.07.15"]
[Round "1"]
[White "Zhang, Ying Jr Xiong"]
[Black "Gomez Dominguez, Brian"]
[Result "1/2-1/2"]
[WhiteElo "1502"]
[BlackElo "1160"]
[PlyCount "117"]
[EventDate "2023.07.15"]
[EventType "swiss (rapid)"]
[EventRounds "9"]
[EventCountry "ESP"]
[SourceTitle "EXT 2024"]
[Source "ChessBase"]
[SourceDate "2023.10.10"]
[SourceVersion "1"]
[SourceVersionDate "2023.10.10"]
[SourceQuality "1"]

1. e4 e5 2. Nf3 Nc6 3. Bc4 Nf6 4. Ng5 d5 5. exd5 Na5 6. Bb5+ c6 7. dxc6 bxc6 8. Bd3 Bd7 9. Ne4 Nxe4 10. Bxe4 f5 11. Bf3 Bd6 12. c3 0-0 13. b4 Nb7 14. b5 e4 15. bxc6 Bxc6 16. Be2 Qe7 17. 0-0 Qf6 18. Bb2 Be5 19. Qb3+ Kh8 20. Na3 Qh6 21. g3 Qxd2 22. Rae1 Qh6 23. Nc4 Qf6 24. Nxe5 Qxe5 25. c4 Qe7 26. Ba3 Nd6 27. Rd1 Rf6 28. Qb4 Rd8 29. Bb2 Re6 30. Qc3 Rg8 31. c5 Nb7 32. Bc4 Nd8 33. Bxe6 Nxe6 34. Rd6 Bb5 35. Rfd1 Bd3 36. Qe5 Bc4 37. Rd7 Qxc5 38. Qxc5 Nxc5 39. Rc7 Nd3 40. Bd4 Bxa2 41. Rxa7 Be6 42. f3 Bd5 43. fxe4 fxe4 44. Be3 Ba8 45. Bd4 Bc6 46. h4 Be8 47. g4 h6 48. g5 h5 49. Re7 Bg6 50. Ra1 Nf4 51. Be3 Nd5 52. Re6 Bf7 53. Rd6 Nxe3 54. g6 Be8 55. Ra5 Rf8 56. Rxh5+ Kg8 57. Re5 Nc4 58. Red5 Nxd6 59. Rxd6 1/2-1/2